Statistics for US Cremonese Squad 2022-2023

Click here to take the quiz!

General Stats

  • This quiz has been taken 30 times
  • The average score is 18 of 36

Answer Stats

#PositionNationPlayer% Correct
90FWNigeriaCyriel Dessers
93%
20FWGhanaFelix Afena-Gyan
93%
12GKItalyMarco Carnesecchi
93%
77FWNigeriaDavid Okereke
79%
97GKRomaniaIonuț Radu
79%
-CoachItalyDavide Ballardini
71%
3DFItalyEmanuele Valeri
71%
17DFItalyLeonardo Sernicola
71%
9FWItalyDaniel Ciofani
64%
44DFGeorgiaLuka Lochoshvili
64%
15DFItalyMatteo Bianchetti
64%
4DFAustriaEmanuel Aiwu
57%
5DFMexicoJohan Vásquez
57%
-CoachItalyMassimiliano Alvini
57%
19MFItalyMichele Castagnetti
57%
21DFRomaniaVlad Chiricheș
57%
6MFSwitzerlandCharles Pickel
50%
10FWItalyCristian Buonaiuto
50%
98FWItalyLuca Zanimacchia
50%
8MFArgentinaSantiago Ascacíbar
50%
28MFFranceSoualiho Meïté
50%
74FWItalyFrank Tsadjout
43%
32MFArgentinaGonzalo Escalante
43%
26MFItalyMarco Benassi
43%
33DFItalyGiacomo Quagliata
36%
7FWUruguayJaime Báez
36%
45GKSenegalMouhamadou Sarr
36%
27MFChilePablo Galdames
36%
24DFItalyAlex Ferrari
29%
13GKItalyGianluca Saro
29%
2DFScotlandJack Hendry
29%
23MFItalyChristian Acella
21%
22GKPolandDorian Ciężkowski
21%
60DFSenegalMaissa Ndiaye
21%
18DFItalyPaolo Ghiglione
21%
62MFItalyTommaso Milanese
21%

Score Distribution

Percentile by Number Answered

Percent of People with Each Score

Your Score History

You have not taken this quiz